000 01428nac a22002771u 4500
010 _a010032739
020 _a0071151214
022 _a0072469447
082 _a658
_bJ7101
090 _c3856
_d3856
100 _aJones, Gareth R.
245 _aContemporary management /
_cGareth R. Jones, Jennifer M. George.
260 _aBoston ;
_bLondon : McGraw-Hill/Irwin, 2003.
_c c2003.
300 _axxix, 732 p. :
_bcol. ill., ports. (some col.) ;
_c 26 cm.
500 _aPrevious international ed.: / Gareth R. Jones, Jennifer M. George, Charles W.L. Hill. 2000?.
504 _aIncludes index.
650 _aManagement.
700 _aGeorge, Jennifer M.
942 _cBB
_k658J7101
999 _c3856
_d3856